| 000 | 00510nam a22001817a 4500 | ||
|---|---|---|---|
| 005 | 20251108164101.0 | ||
| 008 | 250721s1976 xx 000 0 ara d | ||
| 082 | 1 | 4 | _a210.9/محم |
| 100 | 1 | _aأبو زهرة، محمد | |
| 245 | 1 | 0 | _aالوحدة الإسلامية / |
| 264 | 1 |
_aالقاهرة : _bدار الفكر العربي، _c1976. |
|
| 300 | _a325ص. | ||
| 650 | 1 | 7 | _aالتاريخ الإسلامي |
| 650 | 1 | 7 | _aالإسلام |
| 650 | 1 | 7 | _aالتاريخ |
| 942 |
_2ddc _cBK |
||
| 999 |
_c3182 _d3182 |
||